000 02675cam a22002775a 4500
001 17445525
005 20160524144712.0
008 120829t2013 flua frb 001 0 eng d
020 _a9781439867006
040 _aDLC
_beng
_cDLC
_dDLC
_dEG-ScBUE
082 0 4 _222
_a660.2832
_bHAY
100 1 _aHayes, R. E.
_q(Robert E.)
_940080
245 1 0 _aIntroduction to chemical reactor analysis /
_cR. E. Hayes, J. P. Mmbaga..
250 _a2nd ed.
260 _aBoca Raton :
_bCRC Press / Taylor & Francis Group,
_cc.2013.
300 _axxxi, 532 p. :
_bill. ;
_c26 cm.
500 _aIndex : p. 529-532.
504 _aIncludes bibliographical references.
520 _a"Preface: It has been about 10 years since the first edition of this book was published, and it is probably appropriate to begin by offering a justification for writing the book initially, and generating a second edition. As noted in the preface to the first edition, there are many good textbooks on chemical reaction engineering in existence. Many of the existing books on chemical reaction engineering are both excellent and comprehensive (Elements of Chemical Reaction Engineering by Scott Fogler and Chemical Reaction Engineering by Octave Levenspiel are both considered classics in the field). However, it can be this very comprehensiveness that may make them confusing to the neophyte. Most books contain material sufficient for several courses on chemical reaction engineering, although in some books the more complex topics are touched on only lightly. Other texts contain a mix of undergraduate and graduate level material, which can also make it difficult for the beginner in this topic to progress easily. This book, therefore, is not meant to be either comprehensive or complete, nor is it intended to offer a guide to reactor appreciation or give detailed historical perspectives. Rather, it is intended to provide an effective introduction to reactor analysis, and contains sufficient material to be covered in two terms of about 35-50-minute lectures each on reactor analysis. At the end of reading this book, and working the problems and examples, the reader should have a good basic knowledge sufficient to perform most of the common reaction engineering calculations that are required for the typical practicing engineer. Chemical kinetics and reactor design probably remain as the engineering specialization that separates the chemical engineer from other types of engineer"--
650 7 _aChemical reactors
_xAnalysis.
_2BUEsh
_940081
650 7 _aChemical reactors
_xDesign.
_2BUEsh
_940082
651 _2BUEsh
653 _bENGGEN
_cMay2016
700 1 _aMmbaga, J. P.,
942 _2ddc
999 _c21810
_d21782